[Event "GER-chT U20"]
[Site "Braunschweig"]
[Date "2019.12.29"]
[Round "6.5"]
[White "Klenk, Sofie"]
[Black "Kokschenev, Michael"]
[Result "1-0"]
[WhiteElo "1812"]
[BlackElo "1552"]
[PlyCount "49"]
[EventDate "2019.12.27"]
[EventType "team-swiss"]
[EventRounds "7"]
[EventCountry "GER"]
[SourceTitle "CBM 194 Extra"]
[Source "ChessBase"]
[SourceDate "2020.03.31"]
[SourceVersion "1"]
[SourceVersionDate "2020.03.31"]
[SourceQuality "1"]
[WhiteTeam "Augsburg"]
[BlackTeam "Karlsruhe SF"]
[WhiteTeamCountry "GER"]
[BlackTeamCountry "GER"]

1. e4 c6 2. d4 d5 3. e5 Bf5 4. h4 h6 5. g4 Be4 6. f3 Bg6 7. e6 fxe6 8. Bd3 Bf7 9. h5 Nd7 10. f4 Qc7 11. Nf3 0-0-0 12. Bg6 Bxg6 13. hxg6 Ngf6 14. Ne5 Nxe5 15. fxe5 Nd7 16. Be3 c5 17. c3 cxd4 18. cxd4 Nxe5 19. dxe5 Qxe5 20. Qd4 Qxd4 21. Bxd4 b6 22. Be5 Kb7 23. Na3 d4 24. Kd2 Rd5 25. Rh5 1-0